00739 2200253 4500001002100000005001700021008004100038020002200079035002400101040001200125041000800137082001000145090001600155100002500171245011800196250001000314260003200324300003200356504002600388650002300414990001600437990001600453990001600469YOGYA-0113000000119220130119105329.0 ind  a978-602-88210-5-6 0010-011300000001192 aYOPDYOG aInd a808.3 a808.3 Jul B aJULIASIH KUSHARYANTO aBunuh diri dalam the house of mirth karya Edith Wharton dan the awakening karya Kate ChopincJULIASIH KUSHARYANTO aCet.1 aYogyakartabElmaterac2010. aVII, 165 hlmc21 cm (3 eks) aBibliografi: hlm. 161 aFiksi - penelitian a552-PD/B.12 a551-PD/B.12 a550-PD/B.12